Jazyk
English
Deutsch
Español
Français
Italiano
日本語
Nederlands
Português
Português (Brasil)
中文(简体)
中文(繁體)
Türkçe
עברית
Gaeilge
Cymraeg
Ελληνικά
Català
Euskara
Русский
Čeština
Suomi
Svenska
polski
Dansk
slovenščina
اللغة العربية
বাংলা
Galego
Tiếng Việt
Hrvatski
हिंदी
Հայերէն
Українська
Vše
Název
Autor
Téma
ISBN/ISSN
Tag
Identifikátor
Hledat
Pokročilé
№ 5; Известия Академии Наук СС...
Vytvořit citaci
Zaslat SMS
Poslat e-mailem
Vytisknout
Exportovat záznam
Exportovat do RefWorks
Exportovat do EndNoteWeb
Exportovat do EndNote
Trvalý odkaz
Esportazione completata correttamente —
№ 5; Известия Академии Наук СССР. Отделение технических наук. Металлургия и топливо
Podrobná bibliografie
Parent link:
Известия Академии Наук СССР. Отделение технических наук. Металлургия и топливо: научный журнал/ Академия наук СССР (АН СССР). № 5.— , 1959-1962
Jazyk:
ruština
Vydáno:
1960
Médium:
MixedMaterials
Kniha
KOHA link:
https://koha.lib.tpu.ru/cgi-bin/koha/opac-detail.pl?biblionumber=502337
Jednotky
Popis
Podobné jednotky
UNIMARC/MARC
MARC
LEADER
00000nam2a2200000 4500
001
502337
005
20231101102333.0
035
|a
(RuTPU)RU\TPU\prd\172858
035
|a
RU\TPU\prd\172856
090
|a
502337
100
|a
20130327b1960 k y0rusy50 ca
101
0
|a
rus
102
|a
RU
200
0
|a
№ 5
210
|d
1960
461
1
|0
(RuTPU)RU\TPU\prd\755
|t
Известия Академии Наук СССР. Отделение технических наук. Металлургия и топливо
|o
научный журнал
|f
Академия наук СССР (АН СССР)
|v
№ 5
|d
1959-1962
801
0
|a
RU
|b
63413507
|c
20010227
|g
PSBO
801
1
|a
RU
|b
63413507
|c
20130327
801
2
|a
RU
|b
63413507
|c
20160129
|g
RCR
942
|c
BK
999
|a
НТБ_ТПУ
|b
НФ
|e
-4/20130109
|p
П-701г3
|u
0,00
|v
1
|x
19784
Podobné jednotky
№ 5; Известия Академии Наук СССР. Отделение технических наук. Металлургия и топливо
Vydáno: (1959)
№ 5; Известия Академии Наук СССР. Отделение технических наук. Металлургия и топливо
Vydáno: (1961)
№ 5; Известия Академии Наук СССР. Отделение технических наук. Металлургия и топливо
Vydáno: (1962)
№ 1; Известия Академии Наук СССР. Отделение технических наук. Металлургия и топливо
Vydáno: (1960)
№ 2; Известия Академии Наук СССР. Отделение технических наук. Металлургия и топливо
Vydáno: (1960)